Urheilutrivia #1 - Statistics

Yleistilastot
  • Tätä visaa on pelattu 123 kertaa
  • Keskiarvotulos 6 / 16
Vastaustilastot
vihje vastaus % Oikein
NFL:n mestaruusottelu Super Bowl
80%
Suomen naisten jalkapallomaajoukkueen lempinimi Helmarit
75%
23-kertainen olympiavoittaja Michael Phelps
67%
Intian seuratuin urheilulaji kriketti
65%
Ruotsalainen kiekonheiton olympiavoittaja Daniel Ståhl
49%
Väkiluvultaan pienin kesäolympialaisia isännöinyt valtio Suomi
48%
Keihäänheiton SE-mies Aki Parviainen
45%
Maratonin SE-nainen Alisa Vainio
45%
NHL:n historian toiseksi paras pistemies Jaromír Jágr
37%
Englannin valioliigan mestari 2015-16 Leicester City
31%
Jalkapallon MM-kisojen isäntämaa 1970 Meksiko
24%
Ensimmäisten talviolympialaisten isäntäpaikkakunta Chamonix
13%
10 000 metrin juoksun ME-mies Joshua Cheptegei
7%
Saint Lucian historian ensimmäinen olympiavoittaja (2024) Julian Alfred
6%
Golfin maailmanlistan ykkönen (joulukuu 2025) Scottie Scheffler
6%
Modernin ajan ensimmäinen olympiavoittaja James Connolly
1%
Ehtoja vastaavia visoja ei löytynyt
Tulosjakauma
Jokaisen tuloksen saaneiden osuus
Persentiili vastausten määrän mukaan
Tuloshistoriasi
Et ole pelannut tätä visaa